| 000 | 01055nam a22002655i 4500 | ||
|---|---|---|---|
| 001 | 167251 | ||
| 003 | ES-MaACL | ||
| 005 | 20250818063105.0 | ||
| 008 | 050927q18751920sp a | |||||||| ||spa d | ||
| 040 |
_aCAM _bspa _cCAM |
||
| 100 | 1 |
_aVerne, Jules, _d1828-1905 _9188654 |
|
| 245 | 1 | 3 |
_aEl faro del fin del mundo / _cobra escrita en francés [por] Julio Verne. |
| 250 | _aEd. il. con grabados. | ||
| 260 |
_aMadrid : _bSáenz de Jubera, Hermanos, _c[s.a.] ( _fEstablecimiento tipográfico "Sucesores de Rivadeneyra") |
||
| 300 |
_a2 v. (55 ; 53 p.) : _bil. ; _c27 cm. |
||
| 490 | 1 | _aObras de Julio Verne | |
| 490 | 1 | _aViajes extraordinarios | |
| 596 | _aSáenz de Jubera, Hermanos ejerce ca. 1875-1920. | ||
| 597 | _aTexto a dos col. | ||
| 710 | 2 |
_aSáenz de Jubera Hermanos _eed. _9134965 |
|
| 830 | 0 | 0 |
_aObras completas de Julio Verne ilustradas con grabados _9222615 |
| 830 | 0 |
_aViajes extraordinarios _9188649 |
|
| 852 |
_aES-MaACL _jB-12399(8-9) _z-- Enc. ed. en tela roja con planchas polícromas |
||
| 999 |
_c167251 _d167251 |
||